000 02693nam a2200469 c 4500
999 _c193837
_d193837
003 BLK
005 20240619164048.0
008 180411b bul|||||r ||||||| ||bul||
010 _aKNG00203059000
040 _aBLK
041 _aBUL
_cBUL
072 7 _2bullib
_aА
_xФонд Михаил Арнаудов
080 _aПериод на кризата на феодализма, зараждане на капиталистически отношения. Възраждане на българския народ (II пол. на ХVIII в. - 1878 г.)
_b94(497.2)"1750/1878"
_x(092)(093)
_z94(497.2)"1750/1878"(092)(093)
080 _aОбщо езикознание и филология
_b81
_x(497.2)(092)(093)
_z81(497.2)(092)(093)
080 _aНайден Геров Хаджиберович. Български писател, езиковед, фолклорист, общественик
_b929 Геров, Найден
_z929 Геров, Найден
100 1 _aГеров, Найден
_eпърви автор
_9373791
139 _aГеров, Найден
_bГ 41
245 1 0 _aИз архивата на Найден Геров
_bПисма, доклади и материали за възраждането на бълг. народ : Кореспонденция с частни лица : Кн. 1 - 2 За том: Аверки - Лобанов
_cНайден Геров; под ред. на Тодор Панчев.
_nКн. 1
_pА - Л
257 _aBGR
260 _bБАН
_c1911 -
300 _c27 см
380 _a9
490 _9396381
_aЧастна колекция - Академик Михаил Арнаудов
_gДарение - Основен фонд
500 _aПълното име на авт. е Найден Геров Хаджиберович
600 1 4 _aГеров, Найден
_9373791
650 4 _aВъзраждане - България - извори
_9265325
650 0 _aЕзикознание - България
_9270804
650 4 _aГеров, Найден
_9373791
653 _aархиви
653 _aВъзраждане
659 _aА
700 1 _aПанчев, Тодор
_eпод ред. на
_9346410
760 1 _aГеров, Найден
_d1911
_h3, 1047 с., 1 л. : портр.
_nПодчертавания в текста ; Изрезки: Две неизвестни писма на Н. Геров. - сп. Завети
_tКн. 1 А - Л
852 _aМА 192
_bМА
856 4 _qpdf
856 4 _qpdf
942 _cKNG
_n0
_01
_s1
944 _aCR
_c15.03.2017
_k30560
_lГеновева Генчева
944 _aED
_c09.03.2018
_kКети_Илиева
999 _d193837
999 _d193837